000
00269nam a2200109Ia 4500
005
20251222143236.0
008
251222s9999||||xx |||||||||||||| ||spa||
082
_a
351.83/E92/Ej.2
245
0
_a
Informes Laborales
264
_b
Estudio Caballero Bustamante
942
_c
LIB
999
_c
14374
_d
14374